000 00801nam a2200241 i 4500
001 128063
003 ES-MaACL
005 20231226160444.0
007 t|
008 070214s1971 xxu b |||| | spa d
080 _a014.3:05(729.1 H.)Arch. José Martí
080 _a016:929 Martí, José
100 1 _aRipoll, Carlos.
_997423
245 1 0 _aArchivo José Martí :
_brepertorio crítico : medio siglo de estudios martianos /
_cCarlos Ripoll.
260 _aNew York :
_bEliseo Torres & Sons,
_c1971.
300 _a276 p. ;
_c21 cm.
490 1 _aLiterary studies ;
_v10
600 1 7 _aMartí, José,
_d1853-1895-
_vBibliografías
_2
_9170937
610 2 4 _aArchivo José Martí.
_9173020
830 1 _aLiterary studies ;
_v10
_9186718
852 _aES-MaACL
_jC-47029
999 _c128063
_d128063